<?xml version="1.0" encoding="UTF-8"?><?xml-stylesheet type="text/xsl" href="static/style.xsl"?><OAI-PMH xmlns="http://www.openarchives.org/OAI/2.0/" xmlns:xsi="http://www.w3.org/2001/XMLSchema-instance" xsi:schemaLocation="http://www.openarchives.org/OAI/2.0/ http://www.openarchives.org/OAI/2.0/OAI-PMH.xsd"><responseDate>2026-04-29T06:15:47Z</responseDate><request verb="GetRecord" identifier="oai:repisalud.isciii.es:20.500.12105/26816" metadataPrefix="marc">https://repisalud.isciii.es/rest/oai/request</request><GetRecord><record><header><identifier>oai:repisalud.isciii.es:20.500.12105/26816</identifier><datestamp>2025-12-18T12:57:25Z</datestamp><setSpec>com_20.500.12105_19586</setSpec><setSpec>com_20.500.12105_2202</setSpec><setSpec>col_20.500.12105_19587</setSpec></header><metadata><record xmlns="http://www.loc.gov/MARC21/slim" xmlns:dcterms="http://purl.org/dc/terms/" xmlns:doc="http://www.lyncode.com/xoai" xmlns:xsi="http://www.w3.org/2001/XMLSchema-instance" xsi:schemaLocation="http://www.loc.gov/MARC21/slim http://www.loc.gov/standards/marcxml/schema/MARC21slim.xsd">
   <leader>00925njm 22002777a 4500</leader>
   <datafield ind2=" " ind1=" " tag="042">
      <subfield code="a">dc</subfield>
   </datafield>
   <datafield ind2=" " ind1=" " tag="720">
      <subfield code="a">Judge, Daniel P</subfield>
      <subfield code="e">author</subfield>
   </datafield>
   <datafield ind2=" " ind1=" " tag="720">
      <subfield code="a">Alexander, Kevin M</subfield>
      <subfield code="e">author</subfield>
   </datafield>
   <datafield ind2=" " ind1=" " tag="720">
      <subfield code="a">Cappelli, Francesco</subfield>
      <subfield code="e">author</subfield>
   </datafield>
   <datafield ind2=" " ind1=" " tag="720">
      <subfield code="a">Fontana, Marianna</subfield>
      <subfield code="e">author</subfield>
   </datafield>
   <datafield ind2=" " ind1=" " tag="720">
      <subfield code="a">Garcia-Pavia, Pablo</subfield>
      <subfield code="e">author</subfield>
   </datafield>
   <datafield ind2=" " ind1=" " tag="720">
      <subfield code="a">Gibbs, Simon D J</subfield>
      <subfield code="e">author</subfield>
   </datafield>
   <datafield ind2=" " ind1=" " tag="720">
      <subfield code="a">Grogan, Martha</subfield>
      <subfield code="e">author</subfield>
   </datafield>
   <datafield ind2=" " ind1=" " tag="720">
      <subfield code="a">Hanna, Mazen</subfield>
      <subfield code="e">author</subfield>
   </datafield>
   <datafield ind2=" " ind1=" " tag="720">
      <subfield code="a">Masri, Ahmad</subfield>
      <subfield code="e">author</subfield>
   </datafield>
   <datafield ind2=" " ind1=" " tag="720">
      <subfield code="a">Maurer, Mathew S</subfield>
      <subfield code="e">author</subfield>
   </datafield>
   <datafield ind2=" " ind1=" " tag="720">
      <subfield code="a">Obici, Laura</subfield>
      <subfield code="e">author</subfield>
   </datafield>
   <datafield ind2=" " ind1=" " tag="720">
      <subfield code="a">Soman, Prem</subfield>
      <subfield code="e">author</subfield>
   </datafield>
   <datafield ind2=" " ind1=" " tag="720">
      <subfield code="a">Cao, Xiaofan</subfield>
      <subfield code="e">author</subfield>
   </datafield>
   <datafield ind2=" " ind1=" " tag="720">
      <subfield code="a">Lystig, Ted</subfield>
      <subfield code="e">author</subfield>
   </datafield>
   <datafield ind2=" " ind1=" " tag="720">
      <subfield code="a">Tamby, Jean-François</subfield>
      <subfield code="e">author</subfield>
   </datafield>
   <datafield ind2=" " ind1=" " tag="720">
      <subfield code="a">Siddhanti, Suresh</subfield>
      <subfield code="e">author</subfield>
   </datafield>
   <datafield ind2=" " ind1=" " tag="720">
      <subfield code="a">Castaño, Adam</subfield>
      <subfield code="e">author</subfield>
   </datafield>
   <datafield ind2=" " ind1=" " tag="720">
      <subfield code="a">Katz, Leonid</subfield>
      <subfield code="e">author</subfield>
   </datafield>
   <datafield ind2=" " ind1=" " tag="720">
      <subfield code="a">Fox, Jonathan C</subfield>
      <subfield code="e">author</subfield>
   </datafield>
   <datafield ind2=" " ind1=" " tag="720">
      <subfield code="a">Mahaffey, Kenneth W</subfield>
      <subfield code="e">author</subfield>
   </datafield>
   <datafield ind2=" " ind1=" " tag="720">
      <subfield code="a">Gillmore, Julian D</subfield>
      <subfield code="e">author</subfield>
   </datafield>
   <datafield ind2=" " ind1=" " tag="260">
      <subfield code="c">2025-03-18</subfield>
   </datafield>
   <datafield ind2=" " ind1=" " tag="520">
      <subfield code="a">Transthyretin amyloid cardiomyopathy (ATTR-CM) is an underdiagnosed chronic disease associated with progressive heart failure that results in impaired quality of life, repeated hospitalizations, and premature death. Acoramidis is a selective, oral transthyretin stabilizer recently approved by the U.S. Food and Drug Administration for the treatment of ATTR-CM. In a phase 3, randomized, double-blind study (ATTRibute-CM [Efficacy and Safety of AG10 in Subjects With Transthyretin Amyloid Cardiomyopathy]), acoramidis was well tolerated and showed clinical efficacy in improving the primary endpoint, a hierarchical combination of all-cause mortality (ACM), cardiovascular-related hospitalization (CVH), N-terminal pro-B-type natriuretic peptide level, and 6-minute walk distance. The goal of this study was to characterize the efficacy of acoramidis on ACM and CVH. In ATTRibute-CM, participants with ATTR-CM were randomized 2:1 to receive acoramidis hydrochloride (800 mg twice daily) or placebo for 30 months. Efficacy analyses were conducted in the modified intention-to-treat population (participants with a baseline estimated glomerular filtration rate ≥30 mL/min/1.73 m). CVH and the composite of ACM or first CVH were plotted by using Kaplan-Meier curves and summarized with a stratified Cox proportional hazards model. The annualized frequency of CVH was analyzed by using a negative binomial regression model. Subgroup analyses were conducted for the composite of ACM or first CVH. Of the 632 participants randomized to treatment, 611 (97%) were included in efficacy analyses (acoramidis, n = 409; placebo, n = 202). Compared with placebo, acoramidis reduced the occurrence of the composite of ACM or first CVH (acoramidis, 35.9%; placebo, 50.5%; HR: 0.64; 95% CI: 0.50-0.83; P = 0.0008) and of first CVH (acoramidis, 26.7%; placebo, 42.6%; HR: 0.60; 95% CI: 0.45-0.80; P = 0.0005), with Kaplan-Meier curves separating at month 3 and continuing to diverge through month 30. Annualized frequency of CVH was reduced with acoramidis compared with placebo (acoramidis, 0.22; placebo, 0.45; relative risk ratio: 50%; 95% CI: 0.36-0.70; P &lt; 0.0001). The efficacy of acoramidis on the composite of ACM or first CVH was consistent across subgroups. Acoramidis was well tolerated, with no safety signals of potential clinical concern identified. In participants with ATTR-CM, acoramidis reduced the composite of ACM or first CVH vs placebo, with an early effect driven by a reduction in CVH. (Efficacy and Safety of AG10 in Subjects With Transthyretin Amyloid Cardiomyopathy [ATTRibute-CM]; NCT03860935).</subfield>
   </datafield>
   <datafield ind1="8" ind2=" " tag="024">
      <subfield code="a">J Am Coll Cardiol. 2025 Mar 18;85(10):1003-1014.</subfield>
   </datafield>
   <datafield ind1="8" ind2=" " tag="024">
      <subfield code="a">https://hdl.handle.net/20.500.12105/26816</subfield>
   </datafield>
   <datafield ind1="8" ind2=" " tag="024">
      <subfield code="a">40074465</subfield>
   </datafield>
   <datafield ind1="8" ind2=" " tag="024">
      <subfield code="a">JOURNAL OF THE AMERICAN COLLEGE OF CARDIOLOGY</subfield>
   </datafield>
   <datafield tag="653" ind2=" " ind1=" ">
      <subfield code="a">ATTR-CM</subfield>
   </datafield>
   <datafield tag="653" ind2=" " ind1=" ">
      <subfield code="a">acoramidis</subfield>
   </datafield>
   <datafield tag="653" ind2=" " ind1=" ">
      <subfield code="a">all-cause mortality</subfield>
   </datafield>
   <datafield tag="653" ind2=" " ind1=" ">
      <subfield code="a">cardiovascular-related hospitalization</subfield>
   </datafield>
   <datafield tag="653" ind2=" " ind1=" ">
      <subfield code="a">transthyretin</subfield>
   </datafield>
   <datafield ind2="0" ind1="0" tag="245">
      <subfield code="a">Efficacy of Acoramidis on All-Cause Mortality and Cardiovascular Hospitalization in Transthyretin Amyloid Cardiomyopathy.</subfield>
   </datafield>
</record></metadata></record></GetRecord></OAI-PMH>